Franquias de Terror - Statistics

Estatísticas Gerais
  • Esse quiz foi jogado 221 vezes
  • A pontuação média é 9 de 25
Estatísticas das Respostas
Dica dos Filmes Filmes % Correto
gritos, gritos e plot twist Pânico
95%
Jenna Ortega chega na área Pânico 5
60%
ah, olha! eles fizeram um filme sobre o filme Pânico 2
59%
o primo do filho da irmã da enteada da mãeda protagonista era o vilão esse tempo todo! Pânico 3
59%
mais um filme porque 3 é pouco Pânico 4
59%
agora eles estão em Nova York, bb Pânico 6
58%
por que a Mia Goth não foi indicada ao Oscar?? Pearl
57%
um porno com toques significativos de terror X
52%
a casa está invocada ao estilo Ludmilla Invocação do Mal
47%
o nenem não é um nenem A Órfã
44%
shhh! Um Lugar Silencioso
43%
o nenem realmente não é um nenem e estásendo interpretado por uma atriz de 20 anos Órfã 2 - A Origem
39%
assassinos ressuscitam e decidem mataradolescentes (apoio) Rua do Medo: 1994
39%
só de uma mãe solteira criar quatro filhossozinha já é um terror pra mim Invocação do Mal 2
36%
o assassino alegou ser possuído por um demônio(pra mim isso é desculpa pra não ir pra cadeia Invocação do Mal 3
35%
a scream queen retorna pra fechar a franquia Maxxxine
31%
um paraíso ou uma cilada? Um Lugar Silencioso - Parte 2
30%
tem algum culto estranho rolando debaixo doacampamento de verão Rua do Medo: 1978
25%
são bruxas porque são lésbicas Rua do Medo: 1666
24%
o dia um. quando tudo preciso ficar em silêncio Um Lugar Silencioso - Dia Um
16%
quando for dormir, cuidado para não se perder Sobrenatural
14%
de novo, mas agora é a origem Sobrenatural: A Origem
11%
plot twist, era ele esse tempo todo Sobrenatural: Capítulo 2
11%
a casa em que passou a infância. que original! Sobrenatural: A Última Chave
4%
finalmente voltaremos pra história original Sobrenatural: Fear the Dark
0%
Nenhum quiz correspondente encontrado
Distribuição das Pontuações
Porcentagem de Pessoas com Cada Pontuação
Percentil de Números Respondidos
Sua Pontuação Histórica
Você não jogou esse quiz